Marxismo para principiantes /

Karl Marx (1818-1883), junto con Friedrich Engels (1820-1895), pone todo su saber, su cerebro y su corazón al servicio de la lucha de la clase trabajadora y de sus organizaciones revolucionarias. A partir de ellos el socialismo y el comunismo dejan de ser bellas intenciones para transformarse en pro...

Full description

Bibliographic Details
Main Author: Kohan, Néstor 1967-
Other Authors: Brito, Pier
Format: Libro
Language:Spanish
Published: Buenos Aires Era Naciente 2011
Series:Para principiantes 107
Subjects:
Online Access:

MARC

LEADER 00000cam a2200000 a 4500
001 010011
003 UAHC_CL
005 20170803120634.0
008 120530s2011 ag 000 spa
020 |a 9789875550339 
040 |a UAHC_CL  |c UAHC_CL  |d UAHC_CL 
082 0 4 |a 335.4  |b K79  |2 20 
100 1 |a Kohan, Néstor  |d 1967- 
245 1 0 |a Marxismo para principiantes /  |c Néstor Kohan, ilustrado por Pier Brito. 
260 |b Era Naciente  |a Buenos Aires  |c 2011 
300 |a 192 p. 
490 0 |a Para principiantes  |v 107 
520 |a Karl Marx (1818-1883), junto con Friedrich Engels (1820-1895), pone todo su saber, su cerebro y su corazón al servicio de la lucha de la clase trabajadora y de sus organizaciones revolucionarias. A partir de ellos el socialismo y el comunismo dejan de ser bellas intenciones para transformarse en proyecto político de revolución mundial. Desde entonces, millones de jóvenes han entregado su vida luchando por la transformación radical de la sociedad y la revolución socialista. Bajo la bandera libertaria, insumisa y rebelde del marxismo innumerables generaciones de trabajadores, campesinos y estudiantes han enfrentado a las dictaduras del capital, a los militares y policías, a los empresarios y banqueros. En el capitalismo globalizado del siglo XXI, el marxismo sigue inspirando como un fuego sagrado la imaginación, los sueños y las resistencias de la juventud que pretende cambiar de raíz el mundo, las instituciones y las subjetividades. 
600 1 4 |a MARX, KARL  |d 1818-1883  |x CRITICA E INTERPRETACION 
650 4 |a MARXISMO 
700 1 |a Brito, Pier 
900 |a 335.4 KOH 
942 |c BK 
952 |0 0  |1 0  |2 ddc  |4 0  |6 335_400000000000000_KOH  |7 0  |8 COMP  |9 20837  |a BR  |b BR  |c General  |d 2017-08-03  |l 7  |m 5  |o 335.4 KOH  |p 1400682  |r 2026-01-14 00:00:00  |s 2025-04-03  |t 1  |w 2017-08-03  |x Libro con hojas desprendidas desde pág. 7-20  |y BK 
952 |0 0  |1 0  |4 0  |6 335_400000000000000_KOH  |7 0  |8 General  |9 20839  |a BC  |b BC  |c General  |d 2017-08-03  |l 9  |m 7  |o 335.4 KOH  |p 1421573  |r 2025-11-25 00:00:00  |s 2025-08-04  |t 1  |w 2017-08-03  |y BK 
952 |0 0  |1 0  |4 0  |6 335_400000000000000_KOH  |7 0  |8 General  |9 20840  |a BS  |b BS  |c General  |d 2017-08-03  |l 4  |m 5  |o 335.4 KOH  |p 1421574  |q 2026-04-09  |r 2026-04-01 10:33:26  |s 2026-04-01  |t 1  |w 2017-08-03  |y BK 
999 |c 10011  |d 10011